000 00630nam a2200217Ia 4500
005 20220718113258.0
008 131103s9999 xx 000 0 und d
020 _aSBN 03 079450 1
040 _aLoreto College
041 _aEnglish
082 _a801.9
_bSIG
245 _aCriticism and asthetics 1660-1800
_cEssays collected and edited by Oliver F. Sigworth
260 _aSan Francisco
_bRinhart Press
_c1971
300 _axxi,501 p.
504 _aIncludes index
650 _aLiterary Theory -
651 _aAsthetics - Essays Criticism -
700 _aSigworth, Oliver F.
_4ed.
850 _aLCLIB
_bPG
942 _cBK
999 _c514
_d50993